00509nam a2200157Ia 4500008004000000082001600040100001900056245003400075260003400109300001100143650001800154690002000172906001100192999001700203952013100220210210b1909 xxu||||| |||| 00| 0 eng d a823.01 JAMS aJAMES (Henry). aShort stories of Henry James. aN YbThe Modern Libraryc1909 axx,644 aShort Stories aEnglish Fiction a042802 c92627d92627 001040708EnglishaALbALcEnglish Literatured2021-02-17g0.00l0o823.01 JAMSp042802r2021-02-17 00:00:00w2021-02-17yBK